00434nam a2200157Ia 450000500170000000800410001704000180005804100080007608200220008410000240010624500470013025000120017726000430018930000260023265000180025820230720105651.0210716s1989 xx 000 0 und d cAIMIT LIBRARY aeng a005.133 21bKELS aKelly bootle, Stan. aMastering quick c /cBy Stan kelly Bootle. a1st ed. aNew Delhi :bBPB Publications ,c1989. axxix,602p.bPBc21 cm aC Programming